000 00673nam a2200253#a 4500
001 00404
003 HDC
007 ta
008 230623s2008 xx 000 0 eng d
020 _a9789834600600 (pbk.).
040 _aHDC
050 _aref SF 21
_b.k36 2008
245 0 _aKamus penternakan :
_bmakanan dan pemakanan
264 _aKuala Lumpur :
_bDewan Bahasa dan pustaka,
_c2008
300 _a193p. ;
_c22cm
440 _aSiri kamus istilah MABBIM
500 _aBibliography: p. 193
650 _aLivestock
_vDictionaries
_xMalay
650 _aLivestock
_vDictonaries
_xEnglish
942 _2lcc
942 _cBK
942 _kref SF 21
942 _m.k36 2008
999 _c22045
_d22045